Đánh giá chất lượng nước tại hệ thống cấp nước sinh hoạt quận Ô Môn thành phố Cần Thơ : Luận văn Thạc sĩ chuyên ngành Khoa học Môi trường

Nội dung đánh giá chất lượng nước của hệ thống cấp nước sinh hoạt quận Ô Môn dựa vào chỉ tiêu về lý hóa và vi sinh. Xác định các yếu tố gây ô nhiễm nguồn nước sinh hoạt tại các hộ gia đình và đề xuất biện pháp cải thiện nước ch...

Полное описание

Сохранить в:
Библиографические подробности
Главный автор: Nguyễn, Văn Việt
Формат:
Язык:Undetermined
Опубликовано: Cần Thơ Trường Đại học Cần Thơ 2009
Предметы:
Метки: Добавить метку
Нет меток, Требуется 1-ая метка записи!
Thư viện lưu trữ: Trung tâm Học liệu Trường Đại học Cần Thơ
LEADER 01261nam a2200217Ia 4500
001 CTU_154257
008 210402s9999 xx 000 0 und d
082 |a 628.142 
082 |b V308 
088 |a 60440301 
100 |a Nguyễn, Văn Việt 
245 0 |a Đánh giá chất lượng nước tại hệ thống cấp nước sinh hoạt quận Ô Môn thành phố Cần Thơ : 
245 0 |b Luận văn Thạc sĩ chuyên ngành Khoa học Môi trường 
245 0 |c Nguyễn Văn Việt ; Bùi Thị Nga ( hướng dẫn khoa học ) 
260 |a Cần Thơ 
260 |b Trường Đại học Cần Thơ 
260 |c 2009 
520 |a Nội dung đánh giá chất lượng nước của hệ thống cấp nước sinh hoạt quận Ô Môn dựa vào chỉ tiêu về lý hóa và vi sinh. Xác định các yếu tố gây ô nhiễm nguồn nước sinh hoạt tại các hộ gia đình và đề xuất biện pháp cải thiện nước cho người dân trên địa bàn. 
650 |a Water supply,Cấp nước 
904 |i QHieu 
980 |a Trung tâm Học liệu Trường Đại học Cần Thơ